Concordance du Nouveau Testament sahidique.

محفوظ في:

المؤلف الرئيسي: Lefort, L. Th. 1879-1959 (مؤلف)

التنسيق: كتاب

اللغة: Coptic

منشور في: Louvain : L. Durbecq, 1950-

سلاسل: Corpus scriptorum Christianorum Orientalium. Subsidia ; 1.
CSCO.Sub. ; 1.

الموضوعات:

الوسوم: إضافة وسم

لا توجد وسوم, كن أول من يضع وسما على هذه التسجيلة!

رقم الطلب: BX100 .C8 S94 v.1

LEADER 00763namaa2200241 4500
001 22031
003 OSt
005 20250313101800.0
008 130303m19501999be g 000 0 cop d
040 |c ARCE Library 
050 4 |a BX100 .C8 S94 v.1 
100 1 |a Lefort, L. Th.  |q (Louis Théophile),  |d 1879-1959,  |e author  |9 34603 
245 1 0 |a Concordance du Nouveau Testament sahidique. 
264 1 |a Louvain :   |b L. Durbecq,   |c 1950- 
300 |a volume <1> ;   |c 25 cm. 
490 0 |a Corpus scriptorum Christianorum Orientalium. Subsidia ;   |v 1. 
490 0 |a CSCO.Sub. ;   |v 1. 
505 2 |g volume 1.  |t Les mots d'origine grecque. 
555 |a Sara.lib 
630 0 0 |a Bible.  |p New Testament  |v Concordances, Sahidic.  |l   
901 |a reviewed 
942 |c BK  |2 lcc 
999 |c 20638  |d 20638